[Event "Torquay op 48th"]
[Site "Torquay"]
[Date "2014.11.15"]
[Round "3"]
[White "Menadue, Jeremy FS"]
[Black "Fairbairn, Stephen"]
[Result "1/2-1/2"]
[WhiteElo "2056"]
[BlackElo "2049"]
[PlyCount "29"]
[EventDate "2014.11.14"]
[EventType "swiss"]
[EventRounds "5"]
[EventCountry "ENG"]
[SourceTitle "EXT 2022"]
[Source "ChessBase"]
[SourceDate "2021.10.06"]
[SourceVersion "1"]
[SourceVersionDate "2021.10.06"]
[SourceQuality "1"]

1. d4 d6 2. c4 g6 3. Nc3 e5 4. Nf3 Nc6 5. dxe5 Nxe5 6. Bf4 Bg7 7. Bxe5 Bxe5 8. Nxe5 dxe5 9. Qb3 c6 10. Rd1 Qe7 11. Ne4 Nf6 12. Nxf6+ Qxf6 13. g3 0-0 14. Bg2 Qe7 15. 0-0 1/2-1/2

[Event "Gibraltar Masters 11th"]
[Site "Caleta"]
[Date "2013.01.30"]
[Round "9"]
[White "Jaunooby, Ali Reza"]
[Black "Fairbairn, Stephen"]
[Result "0-1"]
[WhiteElo "2178"]
[BlackElo "2021"]
[PlyCount "126"]
[EventDate "2013.01.22"]
[EventType "swiss"]
[EventRounds "10"]
[EventCountry "GGB"]
[SourceTitle "CBM 153"]
[Source "ChessBase"]
[SourceDate "2013.03.14"]
[SourceVersion "1"]
[SourceVersionDate "2013.03.14"]
[SourceQuality "1"]

1. d4 d6 2. e4 g6 3. c4 e5 4. d5 h5 5. b3 Nh6 6. Nf3 Bg4 7. Nbd2 h4 8. h3 Bh5 9. Be2 Nd7 10. Nf1 Bxf3 11. Bxf3 Be7 12. Nh2 Bg5 13. Bb2 Bf4 14. Nf1 Qg5 15. Rg1 Ng8 16. Qe2 Qe7 17. g3 hxg3 18. fxg3 Bg5 19. h4 Bh6 20. h5 gxh5 21. Bxh5 Ngf6 22. Bf3 0-0-0 23. Bc1 Rdg8 24. Bxh6 Rxh6 25. Ne3 Rhg6 26. Nf5 Qd8 27. b4 Kb8 28. Rc1 Ng4 29. Rc3 Ndf6 30. c5 Nh6 31. Ne3 Rxg3 32. Rf1 Rg1 33. c6 Nxe4 34. Bxe4 Qh4+ 35. Kd2 Qxe4 36. Rc4 Qh1 37. Rf2 Ra1 38. Rc2 Qe4 39. Qb5 Qd4+ 40. Ke2 Qb6 41. Qc4 f5 42. Qh4 Ng4 43. Nxg4 Qb5+ 44. Ke3 Qxb4 45. Rxf5 Qd4+ 46. Kf3 Qxd5+ 47. Kf2 Qd4+ 48. Kf3 Rf1+ 49. Rf2 Rxf2+ 50. Qxf2 Qxg4+ 51. Ke3 Qd4+ 52. Ke2 Qxf2+ 53. Kxf2 bxc6 54. Rf3 a6 55. Rc3 c5 56. Kf3 Kb7 57. Ke4 Kc6 58. Ra3 d5+ 59. Kxe5 Re8+ 60. Kf4 Kb5 61. Rb3+ Kc4 62. Rb7 d4 63. Rxc7 d3 0-1

[Event "Gibraltar Masters 11th"]
[Site "Caleta"]
[Date "2013.01.29"]
[Round "8"]
[White "Fairbairn, Stephen"]
[Black "Bird, Andrew"]
[Result "0-1"]
[WhiteElo "2021"]
[BlackElo "2223"]
[PlyCount "76"]
[EventDate "2013.01.22"]
[EventType "swiss"]
[EventRounds "10"]
[EventCountry "GGB"]
[SourceTitle "CBM 153"]
[Source "ChessBase"]
[SourceDate "2013.03.14"]
[SourceVersion "1"]
[SourceVersionDate "2013.03.14"]
[SourceQuality "1"]

1. d4 Nf6 2. Nf3 e6 3. e3 d5 4. Bd3 c5 5. c3 Nbd7 6. Nbd2 b6 7. e4 cxd4 8. Nxd4 Nc5 9. Bb5+ Bd7 10. exd5 Bxb5 11. Nxb5 a6 12. Nd4 Nd3+ 13. Kf1 Qxd5 14. Qf3 Qxf3 15. N2xf3 Ng4 16. Ke2 Ndxf2 17. Rf1 Ne4 18. Bf4 Bc5 19. Rad1 0-0 20. Nb3 Rfd8 21. Nxc5 Nxc5 22. Rxd8+ Rxd8 23. Bc7 Rc8 24. Bxb6 Na4 25. Bd4 e5 26. Bg1 Nxb2 27. h3 Nf6 28. Rc1 Nd5 29. Kd2 Nc4+ 30. Ke2 Nf4+ 31. Kf1 Nd5 32. Bf2 f6 33. Ke2 Nf4+ 34. Kf1 Kf7 35. h4 Rb8 36. g3 Nd5 37. Bc5 Rb2 38. a3 Rb5 0-1

[Event "Montmagny op"]
[Site "Montmagny"]
[Date "2011.11.11"]
[Round "1"]
[White "Chevalier, Francois"]
[Black "Fairbairn, Stephen"]
[Result "1/2-1/2"]
[WhiteElo "1696"]
[BlackElo "1944"]
[PlyCount "94"]
[EventDate "2011.11.11"]
[EventType "swiss"]
[EventRounds "5"]
[EventCountry "CAN"]
[SourceTitle "EXT 2022"]
[Source "ChessBase"]
[SourceDate "2021.10.06"]
[SourceVersion "1"]
[SourceVersionDate "2021.10.06"]
[SourceQuality "1"]

1. e4 Nf6 2. e5 Nd5 3. c4 Nb6 4. d4 d6 5. exd6 exd6 6. Nc3 Nc6 7. Be3 Be7 8. Rc1 0-0 9. b3 Bf5 10. Nf3 Bf6 11. Be2 Re8 12. 0-0 d5 13. c5 Nc8 14. Qd2 a6 15. Rfe1 N8e7 16. h3 Ng6 17. Bd3 Qd7 18. Bxf5 Qxf5 19. Ne2 Qd7 20. Bg5 Bxg5 21. Qxg5 Re7 22. Qd2 Rae8 23. Nc3 h6 24. Rxe7 Rxe7 25. Re1 Rxe1+ 26. Qxe1 Qe6 27. Qe3 Nce7 28. b4 c6 29. a4 Nf5 30. Qxe6 fxe6 31. g3 Kf8 32. b5 axb5 33. axb5 Ke7 34. bxc6 bxc6 35. Kf1 Kf6 36. Ke2 e5 37. dxe5+ Nxe5 38. Nxe5 Kxe5 39. Kd3 g5 40. Ne2 h5 41. g4 hxg4 42. hxg4 Ne7 43. Ke3 Ng6 44. Nd4 Ne7 45. Nf3+ Kf6 46. Nd4 Ke5 47. Nf3+ Kf6 1/2-1/2

[Event "Gibraltar Masters 9th"]
[Site "Caleta"]
[Date "2011.01.29"]
[Round "5"]
[White "Fairbairn, Stephen"]
[Black "Kuenitz, Klaus"]
[Result "1/2-1/2"]
[WhiteElo "2058"]
[BlackElo "1695"]
[PlyCount "105"]
[EventDate "2011.01.25"]
[EventType "swiss"]
[EventRounds "10"]
[EventCountry "GGB"]
[SourceTitle "CBM 141"]
[Source "ChessBase"]
[SourceDate "2011.03.17"]
[SourceVersion "1"]
[SourceVersionDate "2011.03.17"]
[SourceQuality "1"]

1. c4 f5 2. g3 Nf6 3. Bg2 e5 4. d4 exd4 5. Qxd4 Nc6 6. Qd1 g6 7. Nc3 Bg7 8. Nf3 0-0 9. h4 d6 10. Bg5 h6 11. Bf4 Be6 12. Nd5 Ne4 13. Qc1 Kh7 14. Be3 Bf7 15. Ng5+ hxg5 16. Bxe4 fxe4 17. Bxg5 Qd7 18. h5 Bxd5 19. hxg6+ Kxg6 20. cxd5 Ne5 21. Qe3 Qf5 22. Bf4 Ng4 23. Qb3 b6 24. Rc1 Rac8 25. Qa3 a5 26. Rxc7 Rxc7 27. Qxd6+ Nf6 28. Qxc7 Rc8 29. Qxb6 e3 30. 0-0 exf2+ 31. Rxf2 Qxd5 32. Qa6 Qd1+ 33. Rf1 Qd4+ 34. Kg2 Qe4+ 35. Kf2 Rc2 36. Qb5 Rxb2 37. Qg5+ Kh7 38. Re1 Rxa2 39. Kg1 a4 40. Be5 Qg6 41. Qh4+ Kg8 42. Qc4+ Qf7 43. Qc8+ Kh7 44. Bxf6 Qxf6 45. Kg2 Rd2 46. Rh1+ Bh6 47. Qb7+ Kg8 48. Qc8+ Bf8 49. Qg4+ Bg7 50. Qc4+ Qf7 51. Qc8+ Bf8 52. Qg4+ Bg7 53. Qc8+ 1/2-1/2

[Event "Gibraltar Masters 9th"]
[Site "Caleta"]
[Date "2011.01.28"]
[Round "4"]
[White "Daurelle, Herve"]
[Black "Fairbairn, Stephen"]
[Result "1-0"]
[WhiteElo "2243"]
[BlackElo "2058"]
[PlyCount "111"]
[EventDate "2011.01.25"]
[EventType "swiss"]
[EventRounds "10"]
[EventCountry "GGB"]
[SourceTitle "CBM 141"]
[Source "ChessBase"]
[SourceDate "2011.03.17"]
[SourceVersion "1"]
[SourceVersionDate "2011.03.17"]
[SourceQuality "1"]

1. e4 e6 2. d4 d5 3. Nc3 dxe4 4. Nxe4 Bd7 5. Nf3 Bc6 6. Bd3 Nd7 7. 0-0 Ngf6 8. Ned2 Be7 9. Nc4 Bxf3 10. Qxf3 c6 11. Ne5 0-0 12. Qh3 Re8 13. Be3 Nf8 14. c4 c5 15. Rfd1 cxd4 16. Bxd4 Qc7 17. Rac1 Rad8 18. Qe3 b6 19. h3 N8d7 20. a3 Bc5 21. Bxc5 Nxc5 22. Bc2 h6 23. b4 Ncd7 24. Nxd7 Rxd7 25. Rxd7 Qxd7 26. Rd1 Qc7 27. Qd3 Rc8 28. Bb3 Qe5 29. Bc2 Qc7 30. g3 Kf8 31. Bb3 Ke7 32. Kg2 Qc6+ 33. Qf3 Qc7 34. Rd2 Rd8 35. Rc2 a5 36. c5 axb4 37. axb4 bxc5 38. bxc5 Nd5 39. Bxd5 Rxd5 40. c6 Rd6 41. h4 h5 42. Kh2 g6 43. Qf4 Kd8 44. Qa4 Kc8 45. Qa8+ Qb8 46. Qa6+ Kc7 47. Qa5+ Kc8 48. c7 Qb7 49. Qc3 e5 50. Qxe5 Rc6 51. Qe8+ Kxc7 52. Qxf7+ Kc8 53. Qe8+ Kc7 54. Qxg6 Rxc2 55. Qxc2+ Kd6 56. Qd1+ 1-0

[Event "Gibraltar Masters 9th"]
[Site "Caleta"]
[Date "2011.01.26"]
[Round "2"]
[White "Kolbus, Dietmar"]
[Black "Fairbairn, Stephen"]
[Result "1/2-1/2"]
[WhiteElo "2332"]
[BlackElo "2058"]
[PlyCount "89"]
[EventDate "2011.01.25"]
[EventType "swiss"]
[EventRounds "10"]
[EventCountry "GGB"]
[SourceTitle "CBM 141"]
[Source "ChessBase"]
[SourceDate "2011.03.17"]
[SourceVersion "1"]
[SourceVersionDate "2011.03.17"]
[SourceQuality "1"]

1. d4 d6 2. c4 e5 3. Nf3 e4 4. Nfd2 f5 5. e3 Nf6 6. Nc3 Be7 7. b4 0-0 8. Qb3 Kh8 9. Bb2 c6 10. d5 Nbd7 11. Be2 c5 12. a3 b6 13. h3 Ne5 14. 0-0-0 cxb4 15. axb4 a6 16. Ndb1 Qc7 17. Na3 Bd7 18. b5 a5 19. Rd2 Rfc8 20. Kb1 Be8 21. Rc1 Nfd7 22. Na4 Bf6 23. Bd4 Bg6 24. g3 Qb7 25. Nc2 Qc7 26. Na3 Ra7 27. Bb2 Nc5 28. Nxc5 Qxc5 29. Ka2 Qc7 30. Bd4 Qd8 31. Nc2 Nd7 32. Qb2 Ne5 33. Qb3 Nd7 34. Bxf6 Qxf6 35. Qb2 Qxb2+ 36. Kxb2 Nc5 37. Nd4 Re7 38. Nc6 Rd7 39. Ra1 Ra8 40. Ra3 Kg8 41. Kc1 Kf7 42. Kd1 Kf6 43. h4 h6 44. Nd4 Re7 45. Nc6 1/2-1/2

[Event "Gibraltar Masters 9th"]
[Site "Caleta"]
[Date "2011.01.25"]
[Round "1"]
[White "Fairbairn, Stephen"]
[Black "Lee, Kai Jie Edward"]
[Result "1-0"]
[WhiteElo "2058"]
[BlackElo "1833"]
[PlyCount "75"]
[EventDate "2011.01.25"]
[EventType "swiss"]
[EventRounds "10"]
[EventCountry "GGB"]
[SourceTitle "CBM 141"]
[Source "ChessBase"]
[SourceDate "2011.03.17"]
[SourceVersion "1"]
[SourceVersionDate "2011.03.17"]
[SourceQuality "1"]

1. c4 e5 2. g3 g6 3. Bg2 Bg7 4. Nc3 Nc6 5. e4 d6 6. Nge2 Nge7 7. 0-0 0-0 8. d3 h6 9. Be3 Be6 10. Qd2 Kh7 11. Nd5 f5 12. f3 Qd7 13. Rae1 Nd8 14. b3 c6 15. Nxe7 Qxe7 16. exf5 Bxf5 17. d4 Nf7 18. Nc3 Rad8 19. dxe5 dxe5 20. Qf2 b6 21. Rd1 Bd3 22. Rfe1 e4 23. Nxe4 Ne5 24. Bf4 g5 25. Bxe5 Bxe5 26. Kh1 Bg7 27. Rxd3 Rxd3 28. Qc2 Rfd8 29. Bf1 Qf7 30. Nf2 Kh8 31. Nxd3 Qxf3+ 32. Qg2 Qf6 33. Qe4 Rd4 34. Qe8+ Kh7 35. Qe2 Qd6 36. Ne5 Kg8 37. Nf3 Rg4 38. Bh3 1-0

[Event "Gibraltar Masters 7th"]
[Site "Gibraltar"]
[Date "2009.02.03"]
[Round "8"]
[White "Fairbairn, Stephen"]
[Black "Tsifanskaya, Ludmila A"]
[Result "1-0"]
[WhiteElo "2068"]
[BlackElo "2149"]
[PlyCount "59"]
[EventDate "2009.01.27"]
[EventType "swiss"]
[EventRounds "10"]
[EventCountry "ENG"]
[SourceTitle "CBM 128 Extra"]
[Source "ChessBase"]
[SourceDate "2009.03.05"]
[SourceVersion "2"]
[SourceVersionDate "2009.03.25"]
[SourceQuality "1"]

1. c4 Nf6 2. g3 g6 3. Bg2 Bg7 4. Nc3 0-0 5. Nf3 d6 6. d4 Nc6 7. 0-0 a6 8. h3 Rb8 9. e4 Nd7 10. Be3 b6 11. Rc1 Na5 12. b3 c5 13. Qd2 b5 14. cxb5 axb5 15. Bh6 Nf6 16. Bxg7 Kxg7 17. Qe3 b4 18. e5 cxd4 19. exf6+ exf6 20. Qxd4 bxc3 21. Rxc3 Bb7 22. Rd1 Nc6 23. Qxd6 Qxd6 24. Rxd6 Ne5 25. Nd4 Rfc8 26. Rxc8 Bxc8 27. Rd8 Nd7 28. Nc6 Ra8 29. Ne7 Rxa2 30. Nxc8 1-0

[Event "Gibraltar Masters 7th"]
[Site "Gibraltar"]
[Date "2009.02.01"]
[Round "6"]
[White "Fairbairn, Stephen"]
[Black "Armbrust, Florian"]
[Result "0-1"]
[WhiteElo "2068"]
[BlackElo "2321"]
[PlyCount "54"]
[EventDate "2009.01.27"]
[EventType "swiss"]
[EventRounds "10"]
[EventCountry "ENG"]
[SourceTitle "CBM 128 Extra"]
[Source "ChessBase"]
[SourceDate "2009.03.05"]
[SourceVersion "2"]
[SourceVersionDate "2009.03.25"]
[SourceQuality "1"]

1. e4 c5 2. Nc3 Nc6 3. g3 g6 4. Bg2 Bg7 5. d3 d6 6. Be3 Rb8 7. Nh3 Nf6 8. f3 0-0 9. Qd2 b5 10. Nf2 b4 11. Ne2 Ne8 12. c3 bxc3 13. bxc3 Qa5 14. 0-0 Nc7 15. Bh6 Bxh6 16. Qxh6 Rb2 17. Qe3 Rxa2 18. Rxa2 Qxa2 19. f4 f6 20. h4 e5 21. f5 Ne7 22. Ng4 gxf5 23. exf5 Kh8 24. Nh6 Ncd5 25. Qe4 Qd2 26. c4 Ne3 27. Rf2 Nxg2 0-1

[Event "Gibraltar Masters 7th"]
[Site "Gibraltar"]
[Date "2009.01.30"]
[Round "4"]
[White "Fairbairn, Stephen"]
[Black "Solomon, Kenny"]
[Result "0-1"]
[WhiteElo "2068"]
[BlackElo "2348"]
[PlyCount "94"]
[EventDate "2009.01.27"]
[EventType "swiss"]
[EventRounds "10"]
[EventCountry "ENG"]
[SourceTitle "CBM 128 Extra"]
[Source "ChessBase"]
[SourceDate "2009.03.05"]
[SourceVersion "2"]
[SourceVersionDate "2009.03.25"]
[SourceQuality "1"]

1. g3 Nf6 2. Bg2 d5 3. d3 c6 4. Nd2 e5 5. e4 Bd6 6. Ngf3 0-0 7. h3 Re8 8. 0-0 Nbd7 9. Re1 Bf8 10. Nf1 g6 11. Bg5 h6 12. Bd2 Bg7 13. Qc1 Kh7 14. N3h2 dxe4 15. dxe4 Nc5 16. Bc3 Qc7 17. Qe3 Ne6 18. Nf3 Nd7 19. Rad1 c5 20. Qc1 Nd4 21. Bd2 Nb6 22. Kh2 Qd7 23. Ng1 Qa4 24. c3 Ne6 25. Qb1 c4 26. b3 Qc6 27. b4 Nc7 28. Ne3 Be6 29. Nf5 Bf8 30. Ne3 a5 31. a3 axb4 32. axb4 Ra3 33. Nf3 f6 34. Nh4 Bf7 35. Ng4 Nb5 36. Qc2 Rea8 37. Rb1 Na4 38. Nf5 h5 39. Nge3 Naxc3 40. Bxc3 Rxc3 41. Qe2 gxf5 42. exf5 e4 43. Nd1 Re8 44. Bxe4 Rxe4 45. Qxe4 Qxe4 46. Rxe4 Rd3 47. Ne3 Nc3 0-1

[Event "Gibraltar Masters 6th"]
[Site "Gibraltar"]
[Date "2008.01.23"]
[Round "2"]
[White "Forsaa, Espen"]
[Black "Fairbairn, Stephen"]
[Result "1-0"]
[WhiteElo "2285"]
[BlackElo "2086"]
[PlyCount "55"]
[EventDate "2008.01.22"]
[EventType "swiss"]
[EventRounds "10"]
[EventCountry "ENG"]
[SourceTitle "CBM 122 Extra"]
[Source "ChessBase"]
[SourceDate "2008.03.04"]
[SourceVersion "1"]
[SourceVersionDate "2008.03.04"]
[SourceQuality "1"]

1. e4 d6 2. d4 Nf6 3. Nc3 Nbd7 4. g4 h6 5. h3 e5 6. Nge2 Be7 7. Be3 c6 8. a4 a5 9. Bg2 Qc7 10. 0-0 0-0 11. f4 exf4 12. Nxf4 Nh7 13. Nce2 Ndf6 14. Qd2 Ng5 15. Ng3 Ne6 16. Nd3 d5 17. e5 Nh7 18. Nf5 Neg5 19. Nf4 Bxf5 20. gxf5 Qc8 21. Nh5 f6 22. e6 Bd6 23. h4 Qe8 24. Qe2 Nxe6 25. fxe6 Qxe6 26. Nxg7 Kxg7 27. Bxh6+ Kf7 28. Qh5+ 1-0

[Event "Monarch Assurance 16th"]
[Site "Port Erin"]
[Date "2007.09.22"]
[Round "1"]
[White "Fairbairn, Stephen"]
[Black "Walton, Alan J"]
[Result "1-0"]
[WhiteElo "2091"]
[BlackElo "2223"]
[PlyCount "95"]
[EventDate "2007.09.22"]
[EventType "swiss"]
[EventRounds "9"]
[EventCountry "IOM"]
[SourceTitle "CBM 120 Extra"]
[Source "ChessBase"]
[SourceDate "2007.11.01"]
[SourceVersion "1"]
[SourceVersionDate "2007.11.01"]
[SourceQuality "1"]

1. f4 d5 2. Nf3 Nf6 3. e3 g6 4. Be2 Bg7 5. 0-0 0-0 6. Nc3 c5 7. d3 Nc6 8. e4 dxe4 9. dxe4 Qxd1 10. Rxd1 Nb4 11. Ne1 Ng4 12. e5 Bf5 13. a3 Nc6 14. h3 Nh6 15. Be3 b6 16. Bf3 Rac8 17. Rd2 Be6 18. g4 f6 19. exf6 exf6 20. Rd6 Nd8 21. Rad1 Nhf7 22. R6d2 f5 23. Nb5 Bxb2 24. c3 a6 25. Rxb2 axb5 26. Rxb5 Rb8 27. Bxc5 Re8 28. Rxb6 Rc8 29. Bd4 Bc4 30. gxf5 gxf5 31. Kf2 Ne6 32. Be3 Red8 33. Rxd8+ Rxd8 34. a4 Nd6 35. a5 Ne4+ 36. Bxe4 fxe4 37. a6 Bd5 38. a7 Kf7 39. Rb8 Kf6 40. Rxd8 Nxd8 41. Nc2 Ne6 42. Bd4+ Ke7 43. Ke3 Ba8 44. Na3 Nc7 45. c4 Ke6 46. Be5 Na6 47. Nb5 Bc6 48. Nd4+ 1-0

[Event "Reno Far West op"]
[Site "Reno"]
[Date "2007.04.08"]
[Round "6"]
[White "Acon, Jennifer T"]
[Black "Fairbairn, Stephen"]
[Result "0-1"]
[WhiteElo "1766"]
[BlackElo "1973"]
[PlyCount "180"]
[EventDate "2007.04.06"]
[EventType "swiss"]
[EventRounds "6"]
[EventCountry "USA"]
[SourceTitle "EXT 2009"]
[Source "ChessBase"]
[SourceDate "2008.11.26"]
[SourceVersion "1"]
[SourceVersionDate "2008.11.26"]
[SourceQuality "1"]

1. e4 g6 2. d4 d6 3. Be3 Bg7 4. Bc4 Nf6 5. f3 Nbd7 6. Nc3 c6 7. a4 a5 8. Qd2 h5 9. Nge2 Qc7 10. 0-0-0 Nb6 11. Bb3 d5 12. Bf4 Qd8 13. exd5 Nbxd5 14. Bg5 Be6 15. Ne4 0-0 16. Nc5 Qc8 17. Nxe6 Qxe6 18. Rhe1 Qd6 19. Nf4 e6 20. h3 Nh7 21. Nxd5 cxd5 22. Bf4 Qb6 23. g4 h4 24. Bh6 Rfc8 25. Kb1 Qd8 26. Bxg7 Kxg7 27. f4 Nf6 28. f5 Ne4 29. Qf4 g5 30. Qe5+ Qf6 31. Qxf6+ Kxf6 32. Rf1 Ke7 33. c3 Ra6 34. Bc2 Nd6 35. Rde1 Rb6 36. fxe6 fxe6 37. Kc1 Nc4 38. b3 Nd6 39. Re3 Rbc6 40. Kd2 Rg8 41. Rfe1 Ne8 42. c4 Nc7 43. Bf5 dxc4 44. d5 c3+ 45. Kc1 Rd6 46. Bxe6 Nxe6 47. Rxe6+ Rxe6 48. Rxe6+ Kd7 49. Kc2 Rf8 50. Re3 Kd6 51. Kxc3 Kxd5 52. Kd3 Rf4 53. Kc3 Rf1 54. Kd3 Rf2 55. Kc3 Rg2 56. Kd3 b6 57. Rf3 Rb2 58. Rf5+ Ke6 59. Kc4 Rh2 60. Rxg5 Rxh3 61. Rg6+ Ke5 62. Rxb6 Rg3 63. Rb5+ Kf4 64. Rxa5 Rxg4 65. Rh5 Kg3+ 66. Kc5 h3 67. a5 Rh4 68. Rg5+ Kf2 69. Rf5+ Ke2 70. Rg5 h2 71. Rg2+ Kd3 72. Rxh2 Rxh2 73. b4 Rh5+ 74. Kc6 Kc4 75. a6 Rh6+ 76. Kb7 Kb5 77. a7 Rh7+ 78. Kb8 Kb6 79. a8N+ Kc6 80. b5+ Kxb5 81. Nc7+ Kc6 82. Ne6 Re7 83. Nf4 Rb7+ 84. Kc8 Rf7 85. Ne6 Kd6 86. Nd4 Rf4 87. Nb5+ Kc6 88. Na7+ Kb6 89. Kb8 Rf8+ 90. Nc8+ Kc6 0-1

[Event "Reno Far West op"]
[Site "Reno"]
[Date "2007.04.06"]
[Round "1"]
[White "Langer, Mikhail"]
[Black "Fairbairn, Stephen"]
[Result "1/2-1/2"]
[WhiteElo "2354"]
[BlackElo "1973"]
[PlyCount "98"]
[EventDate "2007.04.06"]
[EventType "swiss"]
[EventRounds "6"]
[EventCountry "USA"]
[SourceTitle "EXT 2009"]
[Source "ChessBase"]
[SourceDate "2008.11.26"]
[SourceVersion "1"]
[SourceVersionDate "2008.11.26"]
[SourceQuality "1"]

1. e4 d6 2. d4 Nf6 3. Nc3 Nbd7 4. f4 e5 5. Nf3 exd4 6. Qxd4 c6 7. Be2 Qb6 8. Qxb6 Nxb6 9. a4 a5 10. Be3 Nbd7 11. 0-0-0 Be7 12. Rhe1 0-0 13. Bc4 Ne8 14. Bf2 g6 15. h3 Nc7 16. g4 Re8 17. Bg3 Nb6 18. Bf1 Ne6 19. f5 Ng5 20. Nd4 f6 21. Bf2 Bd8 22. h4 Nf7 23. Nf3 Kg7 24. Bd4 Nd7 25. Ng5 Nxg5 26. hxg5 Ne5 27. gxf6+ Bxf6 28. Be2 Nf7 29. Rh1 Bxd4 30. Rxd4 Bd7 31. Bc4 d5 32. exd5 gxf5 33. gxf5 Bxf5 34. Rf1 Bg6 35. d6 Rad8 36. Bxf7 Bxf7 37. Ne4 Bg6 38. Ng5 Rd7 39. c4 Re5 40. Nf3 Re2 41. Re1 Rxe1+ 42. Nxe1 c5 43. Rd2 Kf6 44. Ng2 b6 45. Nf4 Bf7 46. Nd5+ Bxd5 47. Rxd5 Ke6 48. Kc2 Rxd6 49. Rh5 Kd7 1/2-1/2

[Event "Geneve op"]
[Site "Geneve"]
[Date "2007.01.26"]
[Round "7"]
[White "Peric, Slavisa"]
[Black "Fairbairn, Stephen"]
[Result "1/2-1/2"]
[WhiteElo "2306"]
[BlackElo "2088"]
[PlyCount "88"]
[EventDate "2007.01.20"]
[EventType "swiss"]
[EventRounds "9"]
[EventCountry "SUI"]
[SourceTitle "CBM 116 Extra"]
[Source "ChessBase"]
[SourceDate "2007.03.07"]
[SourceVersion "1"]
[SourceVersionDate "2007.03.07"]
[SourceQuality "1"]

1. d4 g6 2. e4 Bg7 3. c3 d6 4. Be3 Nf6 5. f3 Nbd7 6. Bc4 0-0 7. Ne2 e5 8. d5 Ne8 9. h4 h5 10. Nd2 Ndf6 11. Bb3 Nh7 12. Bc2 Bf6 13. g3 Bg7 14. Bd3 Bd7 15. c4 f5 16. Qc2 Qf6 17. 0-0-0 a6 18. Rdf1 c6 19. Nc3 f4 20. gxf4 exf4 21. Bf2 c5 22. Rhg1 Rf7 23. e5 Qxe5 24. Re1 Qf6 25. Bxg6 Bf5 26. Nde4 Qe5 27. Bxf7+ Kxf7 28. Ng5+ Nxg5 29. Rxe5 Bxc2 30. Rexg5 Bd3 31. Ne4 Bxe4 32. fxe4 b5 33. b3 bxc4 34. bxc4 Rb8 35. Be1 Bb2+ 36. Kd1 Be5 37. Bd2 Nf6 38. Rg7+ Kf8 39. Bc1 Rb4 40. Ra7 Nxe4 41. Ra8+ Kf7 42. Rgg8 Rxc4 43. Raf8+ Ke7 44. Re8+ Kf7 1/2-1/2

[Event "Monarch Assurance 15th"]
[Site "Port Erin"]
[Date "2006.09.29"]
[Round "7"]
[White "Fairbairn, Stephen"]
[Black "Henderikse, Bert"]
[Result "1/2-1/2"]
[WhiteElo "2088"]
[BlackElo "2019"]
[PlyCount "32"]
[EventDate "2006.09.23"]
[EventType "swiss"]
[EventRounds "9"]
[EventCountry "IOM"]
[SourceTitle "CBM 114 Extra"]
[Source "ChessBase"]
[SourceDate "2006.11.03"]
[SourceVersion "1"]
[SourceVersionDate "2006.11.03"]
[SourceQuality "1"]

1. c4 c5 2. Nc3 Nc6 3. g3 g6 4. Bg2 Bg7 5. Nf3 d6 6. 0-0 Nf6 7. d4 cxd4 8. Nxd4 Bd7 9. b3 0-0 10. Bb2 Qa5 11. Nxc6 Bxc6 12. Nd5 Nxd5 13. Bxg7 Kxg7 14. Bxd5 Bxd5 15. Qd4+ Kg8 16. Qxd5 Qxd5 1/2-1/2

[Event "Monarch Assurance 15th"]
[Site "Port Erin"]
[Date "2006.09.26"]
[Round "4"]
[White "Quillan, Gary"]
[Black "Fairbairn, Stephen"]
[Result "1-0"]
[WhiteElo "2344"]
[BlackElo "2088"]
[PlyCount "91"]
[EventDate "2006.09.23"]
[EventType "swiss"]
[EventRounds "9"]
[EventCountry "IOM"]
[SourceTitle "CBM 114 Extra"]
[Source "ChessBase"]
[SourceDate "2006.11.03"]
[SourceVersion "1"]
[SourceVersionDate "2006.11.03"]
[SourceQuality "1"]

1. e4 e5 2. Nf3 Nf6 3. Nxe5 d6 4. Nf3 Nxe4 5. Nc3 Nxc3 6. dxc3 Be7 7. Bf4 0-0 8. Qd2 Nc6 9. 0-0-0 Be6 10. Kb1 Bf6 11. Ng5 Bxg5 12. Bxg5 f6 13. Bh4 Qd7 14. f4 Kh8 15. h3 Qf7 16. a3 Bc4 17. g4 Bxf1 18. Rhxf1 Rfe8 19. Qd3 a6 20. Bf2 Kg8 21. h4 Re7 22. f5 Rae8 23. g5 Re4 24. Qf3 fxg5 25. hxg5 R4e5 26. Bg3 Re3 27. Qg2 Re2 28. Qh3 g6 29. f6 R8e6 30. Rf4 Ne5 31. Rh1 Nd7 32. Qh6 Nf8 33. Rhf1 R6e4 34. R4f3 R4e3 35. Qh1 Re4 36. Rf4 d5 37. R4f2 Rxf2 38. Bxf2 Ne6 39. Qg2 Re5 40. Bh4 Re4 41. Be1 Nf4 42. Qd2 Qe6 43. Bg3 Nh3 44. f7+ Kf8 45. Bxc7 Rg4 46. Ba5 1-0

[Event "Monarch Assurance 15th"]
[Site "Port Erin"]
[Date "2006.09.24"]
[Round "2"]
[White "Fairbairn, Stephen"]
[Black "Dworakowska, Joanna"]
[Result "0-1"]
[WhiteElo "2088"]
[BlackElo "2359"]
[PlyCount "72"]
[EventDate "2006.09.23"]
[EventType "swiss"]
[EventRounds "9"]
[EventCountry "IOM"]
[SourceTitle "CBM 114 Extra"]
[Source "ChessBase"]
[SourceDate "2006.11.03"]
[SourceVersion "1"]
[SourceVersionDate "2006.11.03"]
[SourceQuality "1"]

1. c4 e6 2. Nc3 d5 3. d4 c6 4. cxd5 exd5 5. Nf3 Bd6 6. Bg5 Ne7 7. e3 f6 8. Bh4 Nd7 9. Bd3 Nf8 10. Bg3 Bf5 11. Bxd6 Qxd6 12. 0-0 Bxd3 13. Qxd3 Ne6 14. Rab1 0-0 15. b4 Rac8 16. Na4 Rc7 17. Rfc1 b6 18. a3 Qd7 19. Nc3 Nd8 20. b5 Nf7 21. Rd1 Nd6 22. a4 Rfc8 23. Kf1 cxb5 24. Nxb5 Rc4 25. Nxd6 Qxd6 26. Ra1 Qc6 27. Qb3 Rc3 28. Qb4 Nf5 29. Rdb1 Nd6 30. Nd2 a5 31. Qxb6 Rc1+ 32. Ke2 Qxb6 33. Rxb6 Rxa1 34. Rxd6 Ra2 35. Kd3 Ra3+ 36. Ke2 Rc2 0-1

[Event "Monarch Assurance 14th"]
[Site "Port Erin"]
[Date "2005.09.30"]
[Round "7"]
[White "Fairbairn, Stephen"]
[Black "Ashton, Adam"]
[Result "1/2-1/2"]
[WhiteElo "2065"]
[BlackElo "2294"]
[PlyCount "92"]
[EventDate "2005.09.24"]
[EventType "swiss"]
[EventRounds "9"]
[EventCountry "IOM"]
[SourceTitle "CBM 108 Extra"]
[Source "ChessBase"]
[SourceDate "2005.11.04"]
[SourceVersion "1"]
[SourceVersionDate "2005.11.04"]
[SourceQuality "1"]

1. Nf3 Nf6 2. d4 d5 3. c4 e6 4. g3 Bb4+ 5. Bd2 Be7 6. Bg2 b6 7. 0-0 Ba6 8. cxd5 exd5 9. Nc3 0-0 10. Rc1 Bb7 11. Bf4 Na6 12. Qb3 Qd7 13. Rfd1 Rfd8 14. Ng5 h6 15. Nf3 Qe6 16. Qc2 c5 17. a3 Ne4 18. dxc5 Nxc3 19. Qxc3 bxc5 20. Qe5 Qd7 21. Qh5 Bf6 22. Be5 Qe7 23. Bxf6 Qxf6 24. Qe5 Qb6 25. e3 Rac8 26. Qc3 Rd6 27. Qd2 Re8 28. Qc3 Ba8 29. Rd2 Qb8 30. Nh4 g5 31. Rcd1 Red8 32. Nf3 Rb6 33. Ne1 Rbd6 34. Nf3 Qb6 35. Qc2 Nc7 36. Ne5 Ne6 37. Nc4 dxc4 38. Rxd6 Rxd6 39. Rxd6 Qxd6 40. Bxa8 Qe5 41. Qxc4 Qxb2 42. Bd5 Qe5 43. Bxe6 fxe6 44. Qd3 Qg7 45. Qd6 Qa1+ 46. Kg2 Qxa3 1/2-1/2